1100 1014 1912 1039 1777 1595 1631 1500 1148 1432 1184 1703 1561 1441 1814 1838 1913 1633 1188 1938 1184 1061 1119 1790 1301 1464 1743 1581 1320 1476 1287 1048 1165 1024 1353 1318 1494 1353 1941 1881 1364 1728 1512 1411 1329 1966 1201 1816 1696 1720 1803 1588 1418 1910 1084 1600 1135 1556 1636 1479 1856 1582 1459 1423 1238 1204 1181 1337 1734 1957 1036 1267 1885 1820 1791 1486 1744 1703 1466 1358 1268 1745 1355 1047 1328 1907 1562 1538 1997 1968 1656 1434 1522 1601 1261 1692 1522 1979 1518 BCNSPRNW ULIB Ver.6.0+V

เปลี่ยนเป็นภาษาไทย

Change to English
 แสดงรายละเอียดบรรณานุกรม
  กลับหน้าหลัก

Brief Record : Get Marc (ISO 2709) : E-mail record : QR code < ปิดหน้าต่าง
LEADER : 00000nam 2200000uu 4500
001    13399121679
003     ULIB
008    121129s2552||||th 000 0 tha d
020    ^a9786110401623
060 04 ^aWS105.5^bน195ด 2552
100 0  ^aนภัทร พุกกะณะสุต
245 10 ^aเด็กพิเศษ ช่วยได้ไม่ยาก /^cนภัทร พุกกะณะสุต
250    ^aพิมพ์ครั้งที่ 1
260    ^aกรุงเทพฯ :^bนานมีบุ๊คส์พับลิเคชั่น,^c2552
300    ^a301 หน้า
650  2 ^aAutism, Infantile
650  7 ^aเด็กพิเศษ^xการดูแล
650  7 ^aเด็กสมาธิสั้น
945    ^p175^l0^i16164
995    ^aวิภา
999 ^a ใช้งานได้ทุกระบบ
รายการนี้ยังไม่มีแท็ก
คุณยังไม่ได้ล็อกอิน คุณสามารถมีกิจกรรมร่วมกับเว็บไซต์ได้ แต่ต้องล็อกอินก่อน ::
  ล็อกอิน

รายการสื่อสารสนเทศ

ลำดับที่ ประเภท เลขเรียก/บาร์โค้ด สถานที่ สถานะ
- ไม่พบข้อมูล -

รายการใกล้เคียง
    ผู้แต่ง [นภัทร พุกกะณะสุต]

    หัวเรื่อง [Autism, Infantile]
    หัวเรื่อง [เด็กสมาธิสั้น]

BibComment


ยังไม่เคยถูกคอมเมนท์

คอมเมนท์ทรัพยากรรายการนี้
  คอมเมนท์: เด็กพิเศษ ช่วยได..


 Copyright 2026. Bcnsprnw @Library